[Event "MCRE_O22"]
[Site "?"]
[Date "2004.??.??"]
[Round "?"]
[White "Pauschek, Roman"]
[Black "Jezek, Otakar"]
[Result "1-0"]
[WhiteElo "2082"]
[BlackElo "1800"]
[PlyCount "112"]
[EventDate "2004.??.??"]
[EventType "corr"]
[EventRounds "2"]
[SourceDate "2005.03.12"]

1. d4 d5 2. c4 e6 3. Nc3 Nf6 4. Bg5 Be7 5. Nf3 O-O 6. e3 Nbd7 7. Rc1 c6 8. Qc2
h6 9. Bh4 Re8 10. Bd3 dxc4 11. Bxc4 Qa5 12. O-O Bd6 13. a3 Qh5 14. Ne2 Nb6 15.
Bd3 Nbd7 16. b4 a5 17. Ng3 Bxg3 18. Bxg3 axb4 19. axb4 Nd5 20. Rb1 Ra3 21. e4
Qg6 22. b5 c5 23. dxc5 Rxd3 24. exd5 exd5 25. c6 bxc6 26. bxc6 Nf8 27. Ne5 Rxe5
28. Bxe5 Ra3 29. Qxg6 Nxg6 30. Rb8 Nxe5 31. Rxc8+ Kh7 32. c7 Rc3 33. Re8 Nf3+
34. gxf3 Rxc7 35. Rd8 Rc5 36. Rd1 Kg6 37. R8xd5 Rxd5 38. Rxd5 Kf6 39. f4 g6 40.
Kg2 Ke6 41. Ra5 Kf6 42. Kg3 Kg7 43. Kg4 f5+ 44. Rxf5 gxf5+ 45. Kxf5 Kf7 46. h4
h5 47. Ke5 Ke7 48. f5 Kd7 49. f6 Ke8 50. Kf5 Kf7 51. Kg5 Ke6 52. f4 Kf7 53. f5
Kf8 54. Kxh5 Kf7 55. Kg5 Ke8 56. h5 Kd7 1-0

[Event "MCRE_O22"]
[Site "?"]
[Date "2004.??.??"]
[Round "?"]
[White "Minovsky, Roman"]
[Black "Jezek, Otakar"]
[Result "0-1"]
[WhiteElo "1994"]
[BlackElo "1800"]
[PlyCount "77"]
[EventDate "2004.??.??"]
[EventType "corr"]
[EventRounds "2"]
[SourceDate "2005.03.12"]

1. e4 e5 2. Nf3 Nc6 3. d4 Qf6 4. c3 exd4 5. cxd4 Bb4+ 6. Nc3 Qg6 7. Bd3 d6 8.
O-O Bg4 9. Nd5 O-O-O 10. Be3 Nxd4 11. Bxd4 Bc5 12. Bc3 c6 13. b4 cxd5 14. exd5
Bxf2+ 15. Rxf2 f5 16. Qa4 Kb8 17. Bd4 b6 18. Nh4 Qf7 19. h3 Bh5 20. Rxf5 Nf6
21. Qc6 Bg6 22. Nxg6 hxg6 23. Rg5 Qe7 24. Ba6 Rd7 25. Rc1 Rc7 26. Qxc7+ Qxc7
27. Rxc7 Kxc7 28. Rxg6 Rh7 29. Bxf6 gxf6 30. Rxf6 Re7 31. Re6 Rxe6 32. dxe6 d5
33. h4 Kd6 34. Bc8 d4 35. Kf2 a6 36. h5 Ke7 37. h6 Kf8 38. h7 Kg7 39. e7 0-1

[Event "MCRE_O22"]
[Site "?"]
[Date "2004.??.??"]
[Round "?"]
[White "Jezek, Otakar"]
[Black "Minovsky, Roman"]
[Result "1-0"]
[WhiteElo "1800"]
[BlackElo "1994"]
[PlyCount "70"]
[EventDate "2004.??.??"]
[EventType "corr"]
[EventRounds "2"]
[SourceDate "2005.03.12"]

1. Nf3 Nf6 2. Nc3 d5 3. d4 g6 4. e3 Bg7 5. Bd3 O-O 6. O-O Nc6 7. Bd2 Nb4 8. Be2
Bf5 9. a3 Nc6 10. Nh4 Bc8 11. f4 e6 12. Nf3 b6 13. Ne5 Bb7 14. Rf3 Ne7 15. b4
c5 16. bxc5 bxc5 17. Rb1 Rb8 18. Na4 cxd4 19. Nc5 dxe3 20. Nxb7 Rxb7 21. Rxb7
exd2 22. Qxd2 Nf5 23. Qc3 Ne4 24. Qb4 a5 25. Qb2 Qc8 26. Kh1 Qc5 27. g3 Nd4 28.
Nd7 Nxf3 29. Nxc5 Bxb2 30. Nxe4 dxe4 31. Rxb2 Ne1 32. c4 Nd3 33. Bxd3 exd3 34.
Rd2 Rc8 35. Rxd3 Rxc4 1-0

[Event "MCRE_O22"]
[Site "?"]
[Date "2004.??.??"]
[Round "?"]
[White "Minovsky, Roman"]
[Black "Pauschek, Roman"]
[Result "0-1"]
[WhiteElo "1994"]
[BlackElo "2082"]
[PlyCount "70"]
[EventDate "2004.??.??"]
[EventType "corr"]
[EventRounds "2"]
[SourceDate "2005.03.12"]

1. c4 c5 2. Nf3 Nc6 3. Nc3 g6 4. e3 Bg7 5. d4 d6 6. Be2 Bg4 7. d5 Bxf3 8. Bxf3
Bxc3+ 9. bxc3 Ne5 10. Be2 f5 11. Rb1 Qd7 12. f4 Nf7 13. e4 fxe4 14. Bg4 Qc7 15.
O-O Nf6 16. Be6 Nd8 17. Bh3 Qa5 18. Qc2 Qa6 19. Rb5 Nxd5 20. f5 Nf6 21. Bg5 O-O
22. Bxf6 exf6 23. fxg6 hxg6 24. Qxe4 Kg7 25. Bd7 Qxa2 26. Qd3 Nf7 27. Rxb7 Rab8
28. Qb1 Qxb1 29. Rfxb1 Rxb7 30. Rxb7 Nd8 31. Rxa7 Rf7 32. h4 Re7 33. Kf2 f5 34.
g3 Kf6 35. Rc7 Ke5 0-1

[Event "MCRE_O22"]
[Site "?"]
[Date "2004.??.??"]
[Round "?"]
[White "Pauschek, Roman"]
[Black "Minovsky, Roman"]
[Result "1-0"]
[WhiteElo "2082"]
[BlackElo "1994"]
[PlyCount "67"]
[EventDate "2004.??.??"]
[EventType "corr"]
[EventRounds "2"]
[SourceDate "2005.03.12"]

1. d4 d5 2. c4 c6 3. Nf3 Nf6 4. Nc3 Bf5 5. Qb3 Bc8 6. cxd5 Nxd5 7. e4 Nb6 8.
Bf4 a5 9. Qc2 a4 10. Bd3 Na6 11. a3 Be6 12. Be3 Bb3 13. Qe2 Nb8 14. Nd2 Be6 15.
O-O Bc8 16. f4 e6 17. Bc2 Be7 18. Qd1 N8d7 19. Nxa4 Nxa4 20. Bxa4 O-O 21. Bc2
Nf6 22. Rc1 Nd7 23. Bb3 Nb6 24. Nf3 Ra5 25. Qc2 Kh8 26. Rcd1 f5 27. Ne5 fxe4
28. Qxe4 Nd5 29. Rf3 Kg8 30. Rh3 Nf6 31. Qd3 Qe8 32. Bf2 Bd6 33. Rf1 b5 34. Bh4
1-0

[Event "MCRE_O22"]
[Site "?"]
[Date "2004.??.??"]
[Round "?"]
[White "Minovsky, Roman"]
[Black "Rotter, Walter"]
[Result "0-1"]
[WhiteElo "1994"]
[BlackElo "1938"]
[PlyCount "78"]
[EventDate "2004.??.??"]
[EventType "corr"]
[EventRounds "2"]
[SourceDate "2005.03.12"]

1. c4 Nf6 2. Nc3 e6 3. d4 Bb4 4. Nf3 c5 5. g3 Nc6 6. d5 Bxc3+ 7. bxc3 Na5 8.
Qd3 d6 9. Bg2 e5 10. Nd2 O-O 11. O-O Nd7 12. e4 Nb6 13. f4 exf4 14. gxf4 Re8
15. Rb1 Bd7 16. Re1 Qh4 17. Qg3 Qxg3 18. hxg3 f6 19. Bf1 Re7 20. Re3 Rae8 21.
Ba3 g5 22. Rbe1 gxf4 23. gxf4 Rg7+ 24. Kf2 Bg4 25. Bb4 cxb4 26. cxb4 Naxc4 27.
Nxc4 Nxc4 28. Bxc4 h5 29. Bd3 Rc8 30. a4 Kf8 31. Rb1 Rc3 32. a5 h4 33. Rh1 h3
34. Rg3 Rb3 35. b5 Bd7 36. Rxg7 Kxg7 37. Bf1 Bg4 38. e5 Rf3+ 39. Ke1 dxe5 0-1

[Event "MCRE_O22"]
[Site "?"]
[Date "2004.??.??"]
[Round "?"]
[White "Jezek, Otakar"]
[Black "Sedlaty, Martin"]
[Result "0-1"]
[WhiteElo "1800"]
[BlackElo "1800"]
[PlyCount "103"]
[EventDate "2004.??.??"]
[EventType "corr"]
[EventRounds "2"]
[SourceDate "2005.03.12"]

1. Nc3 Nc6 2. Nf3 d5 3. d4 Nf6 4. e3 Bg4 5. Be2 e6 6. O-O Bd6 7. Nb5 O-O 8. h3
Bh5 9. c4 dxc4 10. Bxc4 a6 11. Nxd6 cxd6 12. Be2 Qb6 13. Qd3 e5 14. dxe5 dxe5
15. e4 Rfd8 16. Qe3 Nd4 17. g4 Bg6 18. Nxe5 Re8 19. Nc4 Qd8 20. e5 Nxe2+ 21.
Qxe2 Bd3 22. Qf3 Bxc4 23. exf6 Be2 24. Qf5 Bxf1 25. Kxf1 Re6 26. Bg5 Qd4 27.
Rc1 h6 28. Be3 Qxb2 29. Rc2 Qxf6 30. Rc7 Qxf5 31. gxf5 Rf6 32. Rxb7 Rxf5 33. a4
Rd8 34. Kg2 Rd3 35. Rb4 Ra3 36. Bb6 Rg5+ 37. Kh2 Rh5 38. h4 g5 39. Bc5 Rd3 40.
Kg2 Rxh4 41. Rxh4 gxh4 42. Bb6 Kg7 43. a5 f5 44. Bc7 Kg6 45. Bf4 h3+ 46. Kg1
Kh5 47. Be5 Kg4 48. Kh2 Rd2 49. Kg1 f4 50. Bxf4 Rd1+ 51. Kh2 Kxf4 52. Kxh3 0-1

[Event "MCRE_O22"]
[Site "?"]
[Date "2004.??.??"]
[Round "?"]
[White "Minovsky, Roman"]
[Black "Sedlaty, Martin"]
[Result "0-1"]
[WhiteElo "1994"]
[BlackElo "1800"]
[PlyCount "64"]
[EventDate "2004.??.??"]
[EventType "corr"]
[EventRounds "2"]
[SourceDate "2005.03.12"]

1. e4 c5 2. Nf3 Nc6 3. d4 cxd4 4. Nxd4 Nf6 5. Nc3 e5 6. Ndb5 d6 7. Bg5 a6 8.
Na3 b5 9. Bxf6 gxf6 10. Nd5 Bg7 11. Bd3 Be6 12. O-O f5 13. Nxb5 axb5 14. Bxb5
Rc8 15. exf5 Bxf5 16. Nb4 Bd7 17. Qxd6 Nxb4 18. Qxb4 Bxb5 19. Qxb5+ Qd7 20. Qb4
Qc7 21. c3 Rb8 22. Qa4+ Qd7 23. Qa3 Qc6 24. Rfd1 Ra8 25. Rd6 Qc8 26. Qb3 O-O
27. a4 Ra5 28. Qb4 Qa8 29. Rd7 e4 30. Qc4 Qe8 31. Rad1 h6 32. g3 e3 0-1

[Event "MCRE_O22"]
[Site "?"]
[Date "2004.??.??"]
[Round "?"]
[White "Sedlaty, Martin"]
[Black "Minovsky, Roman"]
[Result "1-0"]
[WhiteElo "1800"]
[BlackElo "1994"]
[PlyCount "59"]
[EventDate "2004.??.??"]
[EventType "corr"]
[EventRounds "2"]
[SourceDate "2005.03.12"]

1. d4 d5 2. Bf4 Nf6 3. e3 e6 4. Nf3 Bd6 5. Ne5 Nbd7 6. Nd2 O-O 7. c3 Qe7 8. Bd3
c5 9. Qf3 Bb8 10. Qh3 h6 11. Ndf3 Rd8 12. O-O Ne4 13. Rad1 Nf8 14. Qh5 f6 15.
Ng6 Qf7 16. Bxb8 Rxb8 17. Nfh4 cxd4 18. cxd4 Bd7 19. f3 Nd6 20. Qg4 Rbc8 21.
Qg3 Nxg6 22. Bxg6 Qe7 23. e4 f5 24. exd5 exd5 25. Qe5 Qxh4 26. Qxd6 Rc2 27.
Qxd5+ Kh8 28. Qe5 Bb5 29. Bxf5 Bxf1 30. Bxc2 1-0

[Event "MCRE_O22"]
[Site "?"]
[Date "2004.??.??"]
[Round "?"]
[White "Rotter, Walter"]
[Black "Jezek, Otakar"]
[Result "1-0"]
[WhiteElo "1938"]
[BlackElo "1800"]
[PlyCount "160"]
[EventDate "2004.??.??"]
[EventType "corr"]
[EventRounds "2"]
[SourceDate "2005.03.12"]

1. d4 e6 2. g3 d5 3. Bg2 Nf6 4. Nf3 Bd6 5. O-O O-O 6. c4 dxc4 7. Nfd2 Nc6 8.
Nxc4 Be7 9. e3 Bd7 10. Nc3 a6 11. Qe2 Rb8 12. Rd1 Be8 13. d5 exd5 14. Nxd5 Nxd5
15. Bxd5 Qc8 16. Bd2 Qh3 17. Bc3 Rd8 18. Qf3 Bd7 19. Qf4 Be6 20. Bf3 Rc8 21.
Bxc6 bxc6 22. Na5 Bd5 23. e4 Bd6 24. Qf3 Be6 25. Rd2 c5 26. e5 Be7 27. Qb7 Rb8
28. Qxc7 Bg5 29. f4 Rbd8 30. Rxd8 Bxd8 31. Qxc5 Be7 32. Qf2 Rc8 33. Nb7 Bd5 34.
Nd6 Rd8 35. Rd1 Bxa2 36. Qa7 Bf8 37. Qxa6 Bb3 38. Rd2 Bxd6 39. Rxd6 Rf8 40. Qd3
Qc8 41. Qd4 Qa8 42. e6 f6 43. e7 Re8 44. Rd8 Qc6 45. g4 Bf7 46. g5 Qe6 47. gxf6
gxf6 48. Bb4 Qg4+ 49. Kf1 Qh3+ 50. Ke1 Qxh2 51. Bc5 Qh4+ 52. Qf2 Qh1+ 53. Qg1+
Qxg1+ 54. Bxg1 Kg7 55. Bc5 Bh5 56. b4 Kf7 57. Kf2 Bg4 58. b5 Bc8 59. b6 Bb7 60.
Rd7 Bc6 61. Rc7 Bd5 62. b7 f5 63. Ba7 Bxb7 64. Rxb7 Rxe7 65. Rxe7+ Kxe7 66. Kg3
Kf7 67. Bd4 Kg6 68. Kh4 Kh6 69. Bf6 Kg6 70. Bg5 Kf7 71. Kh5 Kg7 72. Bh4 Kf7 73.
Kh6 Ke6 74. Kxh7 Kd5 75. Kg6 Ke4 76. Bg5 Ke3 77. Kxf5 Kf3 78. Kg6 Ke4 79. f5
Ke5 80. f6 Ke6 1-0